000 00358cam a22001097a 4500
008 180718b1974 xxu||||| |||| 00| 0 eng d
082 _aL2x54 In2t
245 _aTaxes and incentives : a guide for investors
_cby Indian Investment Centre, India
260 _aDelhi
_bIndian Investment Centre
_c1974
300 _a146+p.
700 _aIndia. Indian Investment Centre
999 _c500543
_d500543